书目信息 |
| 题名: |
中国军事力量的兴起
|
|
| 作者: | 鲍威尔 , Powell 著 ;陈泽宪 , 陈霞飞 译 | |
| 分册: | ||
| 出版信息: | 北京 中国社会科学出版社 1979 |
|
| 页数: | 331页 | |
| 开本: | 19cm | |
| 丛书名: | ||
| 单 册: | ||
| 中图分类: | E295.2 , K25 | |
| 科图分类: | ||
| 主题词: | 军事史--中国--清代 , 中国--历史--1840~1949 | |
| 电子资源: | ||
| ISBN: | ||
| 000 | 00842nam0 2200289 45 | |
| 001 | 0179005329 | |
| 005 | 20040322143412.7 | |
| 010 | @dCNY1.00 | |
| 091 | @a11190.007 | |
| 100 | @a19950714d1979 emky0chiy0121 ea | |
| 101 | 1 | @achi@ceng |
| 102 | @aCN@b110000 | |
| 105 | @ay z 000yy | |
| 106 | @ar | |
| 200 | 10 | @a中国军事力量的兴起@Azhong guo jun shi li liang de xing qi@e1895-1912年@f(美)鲍威尔(R.L.Powell)著@g陈泽宪, 陈霞飞译 |
| 210 | @a北京@c中国社会科学出版社@d1979 | |
| 215 | @a331页@d19cm | |
| 606 | @a军事史@y中国@z清代 | |
| 606 | 0 | @a中国@x历史@z1840~1949 |
| 690 | @aE295.2@v3 | |
| 690 | @aK25 | |
| 701 | 1 | @a鲍威尔@Abao wei er@bR.L.@4著 |
| 701 | A1 | @aPowell@bR.L.@4著 |
| 702 | 0 | @a陈泽宪@Achen ze xian@4译 |
| 702 | 0 | @a陈霞飞@Achen xia fei@4译 |
| 801 | 0 | @aCN@bNLC@c20040322 |
| 905 | @f1@b20683@dK25@e8 | |
| 中国军事力量的兴起:1895-1912年/(美)鲍威尔(R.L.Powell)著/陈泽宪, 陈霞飞译.-北京:中国社会科学出版社,1979 |
| 331页;19cm |
| ISBN :CNY1.00 |
| ● |
| 相关链接 |
|
|
|
|
正题名:中国军事力量的兴起
索取号:K25/8
 
预约/预借
| 序号 | 登录号 | 条形码 | 馆藏地/架位号 | 状态 | 备注 |
| 1 | 0020683 | 001904602 | 密集书库/ [索取号:K25/8] | 在馆 |